Avril Lavigne's UK Singles Chart History - Statistics

General Stats
  • This quiz has been taken 32 times
  • The average score is 12 of 19
Answer Stats
Peak Position Song Weeks On Chart Debut Date % Correct
#3 Complicated 10 Oct 5th 2002
97%
#64 Complicated 5 Aug 31st 2002
97%
#2 Girlfriend 28 Mar 10th 2007
93%
#16 What The Hell 13 Jan 29th 2011
80%
#5 My Happy Ending 9 Aug 14th 2004
77%
#8 Sk8er Boi 10 Dec 14th 2002
77%
#7 I'm With You 13 Mar 29th 2003
73%
#14 Here's To Never Growing Up 5 Jul 27th 2013
70%
#24 Nobody's Home 6 Nov 27th 2004
67%
#3 When You're Gone 22 Jun 23rd 2007
67%
#30 Hot 8 Oct 20th 2007
63%
#84 Head Above Water 1 Oct 4th 2018
60%
#59 Alice 3 Mar 13th 2010
53%
#61 Bite Me 1 Nov 25th 2021
50%
#5 Don't Tell Me 15 May 22nd 2004
50%
#68 Rock N Roll 2 Nov 9th 2013
50%
#22 Losing Grip 7 Jul 19th 2003
47%
#23 He Wasn't 4 Apr 9th 2005
33%
#66 Let Me Go 1 Nov 16th 2013
33%
No matching quizzes found
Score Distribution
Percent of People with Each Score
Percentile by Number Answered
Your Score History
You have not taken this quiz